Cooperación española y gobernabilidad democrática en Iberoamérica /

Guardat en:
Dades bibliogràfiques
Autor principal: Blecua Casas, Ramón
Format: Text
Etiquetes: Afegir etiqueta
Sense etiquetes, Sigues el primer a etiquetar aquest registre!

MARC

LEADER 00000 a a2200000 04500
001 18157
003
040
100 |a Blecua Casas, Ramón  
245 |a Cooperación española y gobernabilidad democrática en Iberoamérica /  |c Ramón Blecua Casas 
773 |g número 27 -28; páginas 131-142  
999 |c 22924  |d 22924